Territorial Disparities in Labour Productivity, Wages and Prices in Italy: What Does the Data Show?

Popis údajov a následná ilustrácia hlavných rozdielov v ekonomických štruktúrach medzi stredo-severnými a južnými regiónmi Talianska. Analýza územných rozdielov v produktivite a mzdách. Skúmanie vzťahov medzi regionálnymi mzdami a cenovou úrovňou. Rozbor zistení a stanovenie záverov.

Salvato in:
Dettagli Bibliografici
Autore principale: Daniele, Vittorio
Natura: Capitolo di libro
Lingua:inglese
Soggetti:
Tags: Aggiungi Tag
Nessun Tag, puoi essere il primo ad aggiungerne!!

MARC

LEADER 00000naa a2200000 4500
001 0282107
005 20220228103829.1
041 0 |a eng 
044 |a GB 
245 1 0 |a Territorial Disparities in Labour Productivity, Wages and Prices in Italy: What Does the Data Show?  |c Vittorio Daniele 
520 |a Popis údajov a následná ilustrácia hlavných rozdielov v ekonomických štruktúrach medzi stredo-severnými a južnými regiónmi Talianska. Analýza územných rozdielov v produktivite a mzdách. Skúmanie vzťahov medzi regionálnymi mzdami a cenovou úrovňou. Rozbor zistení a stanovenie záverov. 
610 2 0 |a rozdiely regionálne 
610 2 0 |a rozdiely cenové 
610 2 0 |a produktivita práce 
610 2 0 |a mzdy 
610 2 0 |a Taliansko 
100 1 |a Daniele, Vittorio